Database system concepts (Record no. 489)

000 -LEADER
fixed length control field 00571nam a22002297a 4500
001 - CONTROL NUMBER
control field 489
003 - CONTROL NUMBER IDENTIFIER
control field BD-DhUET
008 - FIXED-LENGTH DATA ELEMENTS--GENERAL INFORMATION
fixed length control field 140722b xxu||||| |||| 00| 0 eng d
020 ## - INTERNATIONAL STANDARD BOOK NUMBER
International Standard Book Number 007124476X
040 ## - CATALOGING SOURCE
Transcribing agency 0
Modifying agency BD-DhUET
082 ## - DEWEY DECIMAL CLASSIFICATION NUMBER
Classification number 005.74
Item number SIL/2006
100 ## - MAIN ENTRY--PERSONAL NAME
Personal name Silberschatz, Abraham
245 ## - TITLE STATEMENT
Title Database system concepts
250 ## - EDITION STATEMENT
Edition statement 5th ed.
260 ## - PUBLICATION, DISTRIBUTION, ETC. (IMPRINT)
Place of publication, distribution, etc. Boston
Name of publisher, distributor, etc. McGraw-Hill
Date of publication, distribution, etc. 2006
300 ## - PHYSICAL DESCRIPTION
Extent xxvi,1142p.
Other physical details ill.
504 ## - BIBLIOGRAPHY, ETC. NOTE
Bibliography, etc Includes bibliographies
650 #0 - SUBJECT ADDED ENTRY--TOPICAL TERM
Topical term or geographic name as entry element Database management
700 ## - ADDED ENTRY--PERSONAL NAME
Personal name Korth, Henry F.
700 ## - ADDED ENTRY--PERSONAL NAME
Personal name Sudarshan, S.
942 ## - ADDED ENTRY ELEMENTS (KOHA)
Koha item type General Book
Holdings
Koha issues (times borrowed) Koha normalized classification for sorting Piece designation (barcode) Koha full call number Koha date last seen Source of classification or shelving scheme Copy number Shelving location Price effective from Date acquired Location (home branch) Withdrawn status Lost status Sublocation or collection (holding branch) Not for loan Damaged status Koha renewals Koha date last borrowed Koha item type
 007_000000000000000_74SIL2006103320007.74/SIL/20062014-07-22 1Circulation section2014-07-222014-07-22Central Library, BUET  Central Library, BUET    General Book
 007_000000000000000_74SIL2006103321007.74/SIL/20062016-12-24 2Circulation section2014-07-222014-07-22Central Library, BUET  Central Library, BUET  2 General Book
 005_740000000000000_SIL2006103322005.74 SIL/20062014-08-25 3Circulation section2014-08-252014-08-25Central Library, BUET  Central Library, BUET    General Book
1005_000000000000000_74SIL2006103323005.74/SIL/20062021-12-18 4Circulation section2014-08-252014-08-25Central Library, BUET  Central Library, BUET   2021-12-04General Book
 005_000000000000000_74SIL2006103324005.74/SIL/20062014-08-25 5Circulation section2014-08-252014-08-25Central Library, BUET  Central Library, BUET    General Book
 005_740000000000000_SIL_2006103325005.74/SIL/20062014-08-25 6Circulation section2014-08-252014-08-25Central Library, BUET  Central Library, BUET    General Book
1005_740000000000000_SIL_2006103326005.74/SIL/20062017-07-16 7Circulation section2014-08-252014-08-25Central Library, BUET  Central Library, BUET   2017-07-01General Book
 005_000000000000000_74SIL2006103327005.74/SIL/20062014-08-25 8Circulation section2014-08-252014-08-25Central Library, BUET  Central Library, BUET    General Book
 005_000000000000000_74SIL2006103328005.74/SIL/20062014-08-25 9Circulation section2014-08-252014-08-25Central Library, BUET  Central Library, BUET    General Book
 005_000000000000000_74SIL2006103329005.74/SIL/20062014-08-25 10Circulation section2014-08-252014-08-25Central Library, BUET  Central Library, BUET    General Book
 005_740000000000000_SIL_2006102172005.74/SIL/20062015-06-09 11Reading section2015-06-092015-06-09Central Library, BUET  Central Library, BUET    Reading Item
 005_740000000000000_SIL_2006102554005.74/SIL/20062015-06-09 12Reading section2015-06-092015-06-09Central Library, BUET  Central Library, BUET    Reading Item